000 00275 a2200109 4500
001 12706
082 _a621.3841122 SIZ
090 _c9702
_d9702
100 _aSizun,H
245 _aRadio wave propagation for telecommunication applications.
260 _bSpringer
_c2005
942 _aNUST-CAE
_k621.3841122 SIZ
999 _c247779
_d247779